LEADER 01358nam--2200397---450- 001 990002803830203316 005 20060830150943.0 010 $a88-7187-818-3 035 $a000280383 035 $aUSA01000280383 035 $a(ALEPH)000280383USA01 035 $a000280383 100 $a20060830d1997----km-y0itay0103----ba 101 $aita 102 $aIT 105 $a||||||||001yy 200 1 $a<>evoluzione della pubblica amministrazione italiana$estrumenti per una gestione manageriale efficace$fa cura di Robert Leonardi e Francesco Boccia$gprefazione di Nino Andreatta$gintroduzione di Guido Roberto Vitale$gLSE, London school of economics 210 $aMilano$cIl sole 24-ore libri$dc1997 215 $aXIII, 240 p.$d22 cm 225 2 $aManagement pubblico 410 0$12001$aManagement pubblico 454 1$12001 461 1$1001-------$12001 606 0 $aAmministrazione pubblica$xorganizzazione 676 $a350.00730945 702 1$aLEONARDI,$bRobert 702 1$aBOCCIA,$bFrancesco 712 02$aLondon school of economics and political science 801 0$aIT$bsalbc$gISBD 912 $a990002803830203316 951 $aP08 1637$bDISTRA 959 $aBK 969 $aDISTRA 979 $aDISTRA1$b90$c20060830$lUSA01$h1509 996 $aEVOLUZIONE della pubblica amministrazione italiana$9686846 997 $aUNISA LEADER 01449nas 2200445- 450 001 9910141654403321 005 20211004213025.0 035 $a(OCoLC)897474732 035 $a(CKB)2560000000304913 035 $a(CONSER)--2014271422 035 $a(EXLCZ)992560000000304913 100 $a20141204a20169999 --- a 101 0 $aeng 135 $aur||||||||||| 181 $ctxt$2rdacontent 182 $cc$2rdamedia 183 $acr$2rdacarrier 200 00$aDigital literary studies 210 1$a[University Park, Pa.] :$cThe Pennsylvania State University Libraries,$d2016- 215 $a1 online resource 311 $a2376-4228 606 $aDigital humanities$vPeriodicals 606 $aHypertext literature$vPeriodicals 606 $aComputational linguistics$vPeriodicals 606 $aComputational linguistics$2fast$3(OCoLC)fst00871998 606 $aDigital humanities$2fast$3(OCoLC)fst00963599 606 $aHypertext literature$2fast$3(OCoLC)fst01762459 608 $aPeriodicals.$2fast 615 0$aDigital humanities 615 0$aHypertext literature 615 0$aComputational linguistics 615 7$aComputational linguistics. 615 7$aDigital humanities. 615 7$aHypertext literature. 676 $a025.060013 712 02$aPennsylvania State University.$bLibraries, 906 $aJOURNAL 912 $a9910141654403321 996 $aDigital literary studies$92582685 997 $aUNINA